00800cam a22002051 4500001001300000003000400013005001700017008004100034010001700075035001900092040002600111042001200137050001600149100006300165245026200228260002900490300002400519650003400543999001700577f 01003230 DLC20260227111245.0760527s1867 fr 001 0 fre  af 01003230  a(OCoLC)2198144 aDLCcOClWdOCoLCdDLC apremarc00aSD193b.M461 aMaury, L.-F.-Alfredq(Louis-Ferdinand-Alfred),d1817-1892.04aLes forêts de la Gaule et de l'ancienne France;baperçu sur leur histoire, leur topographie et la législation qui les a régies, suivi d'un tableau alphabétique des forêts et des bois principaux de l'Empire français,cpar L. F. Alfred Maury ... aParis,bLadrange,c1867. avii, 501 p.c22 cm. 0aForests and forestryzFrance. c23022d23022